00817nam a22002297a 45000010005000000030006000050050017000110080041000280200015000690400029000841000021001132450051001342500037001852600054002223000060002765050008003365200151003445210020004955210020005156500019005357000033005543192FISKH20240216132751.0240216b cb ||||| |||| 00| 0 eng d a0689711581 aFISKHbengcFISKHdFISKH aKeats, Ezra Jack aThe little drummer boy /cby Keats , Ezra Jack aFirst Aladdin Books edition 1987 aNew York : bMacmillan Publishing Company ,c1968 a29 unnumbered pages : bcolor illustrations ;c18 cm .  aE  aAn illustrated version of the Christmas carol about the procession to Bethlehem and the offer of a poor boy to play his drum for the Christ Child.8 a250 bLexile 8 aE bRaz-Plus  acarolvfiction aOnorati, Henryeillustrator